Normal view
MARC view
- Arsal Syed | Khawaja M. Abdul Rahman | Ahmed Shaheer
Entry Personal Name
001 - CONTROL NUMBER
- control field: 5079
003 - CONTROL NUMBER IDENTIFIER
- control field: NUST
005 - DATE AND TIME OF LATEST TRANSACTION
- control field: 20170928131338.0
008 - FIXED-LENGTH DATA ELEMENTS
- fixed length control field: 170928|| aca||aabn | a|a d
040 ## - CATALOGING SOURCE
- Original cataloging agency: NUST
- Transcribing agency: NUST
100 ## - HEADING--PERSONAL NAME
- Personal name: Arsal Syed | Khawaja M. Abdul Rahman | Ahmed Shaheer
670 ## - SOURCE DATA FOUND
- Source citation: Work cat.: (NUST): Arsal Syed | Khawaja M. Abdul Rahman | Ahmed Shaheer, Solar power integration into main grid using dual converters, 2017
